Canadian Hockey Teams - Statistics

General Stats
  • This quiz has been taken 791 times
    452 since last reset
  • The average score is 24 of 62
Answer Stats
Hint Answer % Correct
NHL Edmonton Oilers
95%
NHL Montreal Canadiens
93%
NHL Toronto Maple Leafs
93%
NHL Calgary Flames
92%
NHL Vancouver Canucks
91%
NHL Ottawa Senators
90%
NHL Winnipeg Jets
90%
AHL Manitoba Moose
56%
OHL London Knights
54%
AHL Toronto Marlies
54%
WHL Kootenay Ice
53%
WHL Kelowna Rockets
44%
WHL Edmonton Oil Kings
40%
QMJHL Quebec Remparts
40%
QMJHL Halifax Mooseheads
39%
WHL Brandon Wheat Kings
38%
OHL Ottawa 67's
38%
WHL Calgary Hitmen
37%
WHL Regina Pats
36%
OHL Hamilton Bulldogs
35%
QMJHL Rimouski Océanic
35%
WHL Vancouver Giants
35%
OHL Windsor Spitfires
35%
WHL Medicine Hat Tigers
34%
AHL St. John's Icecaps
33%
OHL Kitchener Rangers
32%
OHL Oshawa Generals
32%
OHL Barrie Colts
31%
OHL Niagara IceDogs
31%
OHL Peterborough Petes
30%
QMJHL Saint John Sea Dogs
30%
QMJHL Acadie–Bathurst Titan
29%
QMJHL Gatineau Olympiques
29%
QMJHL Moncton Wildcats
29%
WHL Red Deer Rebels
29%
OHL Sault Ste. Marie Greyhounds
29%
OHL Sudbury Wolves
29%
QMJHL Blainville-Boisbriand Armada
28%
QMJHL Charlottetown Islanders
28%
OHL Guelph Storm
28%
WHL Kamloops Blazers
28%
OHL Mississauga Steelheads
28%
OHL North Bay Battalion
28%
WHL Saskatoon Blades
28%
QMJHL Cape Breton Screaming Eagles
27%
QMJHL Rouyn-Noranda Huskies
27%
OHL Sarnia Sting
27%
OHL Kingston Frontenacs
26%
WHL Prince George Cougars
26%
WHL Victoria Royals
26%
QMJHL Victoriaville Tigres
26%
QMJHL Shawinigan Cataractes
25%
WHL Swift Current Broncos
25%
QMJHL Val-d'Or Foreurs
25%
QMJHL Baie-Comeau Drakkar
24%
QMJHL Drummondville Voltigeurs
24%
WHL Prince Albert Raiders
24%
WHL Lethbridge Hurricanes
22%
OHL Owen Sound Attack
22%
WHL Moose Jaw Warriors
21%
QMJHL Chicoutimi Sagueneens
20%
QMJHL Sherbrooke Phoenix
19%
No matching quizzes found
Score Distribution
Percent of People with Each Score
Percentile by Number Answered
Your Score History
You have not taken this quiz since the last reset